Product management / (Record no. 165324)

MARC details
000 -LEADER
fixed length control field 00747nam a2200205 4500
005 - DATE AND TIME OF LATEST TRANSACTION
control field 20190613154010.0
010 ## - LCCN (DPL NO)
LC control number ENG-125593
020 ## - INTERNATIONAL STANDARD BOOK NUMBER
International Standard Book Number 9788182094307
Terms of availability 350.00
035 ## - SYSTEM CONTROL NUMBER
System control number EN-109125
037 ## - SOURCE OF ACQUISITION
Source of stock number/acquisition DBAD/PUB
082 ## - DEWEY DECIMAL CLASSIFICATION NUMBER
Classification number 658.575
100 ## - MAIN ENTRY--PERSONAL NAME
Personal name Anandan, C
245 ## - TITLE STATEMENT
Title Product management /
Statement of responsibility, etc by C Anandan [and] M Prasanna Mohan Raj
260 ## - PUBLICATION, DISTRIBUTION, ETC. (IMPRINT)
Place of publication, distribution, etc Chennai
Name of publisher, distributor, etc Vijay Nicole Imprints
Date of publication, distribution, etc 2016
270 ## - ADDRESS
Address No. 936, Second Floor, Jayadurga Complex, Bazar Road
City Ram Nagar, (Opp. Reliance Fresh ), Chennai
Postal code 600091
Electronic mail address vni@vijaynicole.co.in
Telephone number 91-44-43869302, 42837178
300 ## - PHYSICAL DESCRIPTION
Extent 266p..
Dimensions 25cm(pbk)
500 ## - GENERAL NOTE
General note Includes bibliographical references and index
700 ## - ADDED ENTRY--PERSONAL NAME
Personal name Prasanna, Mohan Raj M
942 ## - ADDED ENTRY ELEMENTS (KOHA)
Source of classification or shelving scheme Dewey Decimal Classification
Item type English Books
Classification part 658.575
Call number suffix ANA
Holdings
Withdrawn status Lost status Not for loan Collection code Home library Current library Date acquired Source of acquisition Cost, normal purchase price Full call number Barcode Copy number Cost, replacement price Koha item type
      Non-fiction Sarojini Nagar Sarojini Nagar 13/06/2019 DBAD/PUB 350.00 658.575 ANA EN-109125 1 350.00 English Books

© Delhi Public Library
Hit Counter
free hit counter